|
|
|
|
| LEADER |
03019nam a2200577 4500 |
| 001 |
978-3-540-44882-2 |
| 003 |
DE-He213 |
| 005 |
20191024022336.0 |
| 007 |
cr nn 008mamaa |
| 008 |
121227s2004 gw | s |||| 0|eng d |
| 020 |
|
|
|a 9783540448822
|9 978-3-540-44882-2
|
| 024 |
7 |
|
|a 10.1007/b10607
|2 doi
|
| 040 |
|
|
|d GrThAP
|
| 050 |
|
4 |
|a QD1-999
|
| 072 |
|
7 |
|a PN
|2 bicssc
|
| 072 |
|
7 |
|a SCI013000
|2 bisacsh
|
| 072 |
|
7 |
|a PN
|2 thema
|
| 082 |
0 |
4 |
|a 540
|2 23
|
| 245 |
1 |
0 |
|a Applications of Evolutionary Computation in Chemistry
|h [electronic resource] /
|c edited by Roy L. Johnston.
|
| 250 |
|
|
|a 1st ed. 2004.
|
| 264 |
|
1 |
|a Berlin, Heidelberg :
|b Springer Berlin Heidelberg :
|b Imprint: Springer,
|c 2004.
|
| 300 |
|
|
|a XI, 184 p.
|b online resource.
|
| 336 |
|
|
|a text
|b txt
|2 rdacontent
|
| 337 |
|
|
|a computer
|b c
|2 rdamedia
|
| 338 |
|
|
|a online resource
|b cr
|2 rdacarrier
|
| 347 |
|
|
|a text file
|b PDF
|2 rda
|
| 490 |
1 |
|
|a Structure and Bonding,
|x 0081-5993 ;
|v 110
|
| 505 |
0 |
|
|a H.M. Cartwright: An Introduction to Evolutionary Computation and Evolutionary Algorithms -- B. Hartke: Application of Evolutionary Algorithms to Global Cluster Geometry Optimization -- K.D.M. Harris, R.L. Johnston, S. Habershon: Applications of Evolutionary Computation in Structure Determination from Diffraction Data -- S.M. Woodley: Prediction of Crystal Structures Using Evolutionary Algorithms and Related Techniques -- V.J. Gillet: Applications of Evolutionary Computation in Drug Design -- R. Unger: The Genetic Algorithm Approach to Protein Structure Prediction.
|
| 650 |
|
0 |
|a Chemistry.
|
| 650 |
|
0 |
|a Computers.
|
| 650 |
|
0 |
|a Chemistry, Physical and theoretical.
|
| 650 |
|
0 |
|a Chemoinformatics.
|
| 650 |
|
0 |
|a Inorganic chemistry.
|
| 650 |
|
0 |
|a Materials science.
|
| 650 |
1 |
4 |
|a Chemistry/Food Science, general.
|0 http://scigraph.springernature.com/things/product-market-codes/C00004
|
| 650 |
2 |
4 |
|a Theory of Computation.
|0 http://scigraph.springernature.com/things/product-market-codes/I16005
|
| 650 |
2 |
4 |
|a Theoretical and Computational Chemistry.
|0 http://scigraph.springernature.com/things/product-market-codes/C25007
|
| 650 |
2 |
4 |
|a Computer Applications in Chemistry.
|0 http://scigraph.springernature.com/things/product-market-codes/C13009
|
| 650 |
2 |
4 |
|a Inorganic Chemistry.
|0 http://scigraph.springernature.com/things/product-market-codes/C16008
|
| 650 |
2 |
4 |
|a Characterization and Evaluation of Materials.
|0 http://scigraph.springernature.com/things/product-market-codes/Z17000
|
| 700 |
1 |
|
|a Johnston, Roy L.
|e editor.
|4 edt
|4 http://id.loc.gov/vocabulary/relators/edt
|
| 710 |
2 |
|
|a SpringerLink (Online service)
|
| 773 |
0 |
|
|t Springer eBooks
|
| 776 |
0 |
8 |
|i Printed edition:
|z 9783642073076
|
| 776 |
0 |
8 |
|i Printed edition:
|z 9783540402589
|
| 776 |
0 |
8 |
|i Printed edition:
|z 9783662145739
|
| 830 |
|
0 |
|a Structure and Bonding,
|x 0081-5993 ;
|v 110
|
| 856 |
4 |
0 |
|u https://doi.org/10.1007/b10607
|z Full Text via HEAL-Link
|
| 912 |
|
|
|a ZDB-2-CMS
|
| 912 |
|
|
|a ZDB-2-BAE
|
| 950 |
|
|
|a Chemistry and Materials Science (Springer-11644)
|